[Event "LTU-chT 4th 0809"]
[Site "Lithuania"]
[Date "2009.03.01"]
[Round "7.25"]
[White "Paulauskaite, Gintare"]
[Black "Petkeviciute, Justina"]
[Result "1-0"]
[WhiteElo "2044"]
[BlackElo "1812"]
[PlyCount "115"]
[EventDate "2008.11.08"]
[EventType "team"]
[EventRounds "9"]
[EventCountry "LTU"]
[SourceTitle "EXT 2024"]
[Source "ChessBase"]
[SourceDate "2023.10.10"]
[SourceVersion "1"]
[SourceVersionDate "2023.10.10"]
[SourceQuality "1"]

1. e4 c6 2. d4 d5 3. Nd2 dxe4 4. Nxe4 Nd7 5. Bc4 Ngf6 6. Ng5 e6 7. Qe2 Nb6 8. Bd3 h6 9. N5f3 c5 10. Be3 cxd4 11. Bxd4 Be7 12. 0-0-0 Bd7 13. Ne5 Qc7 14. Bb5 Rd8 15. Ngf3 0-0 16. Bxd7 Nbxd7 17. h4 Nxe5 18. Bxe5 Qa5 19. Kb1 Rxd1+ 20. Qxd1 Ng4 21. Bc3 Qb6 22. Qd4 Qxd4 23. Bxd4 b6 24. c4 Rc8 25. b3 Rd8 26. Kc2 Bf6 27. Bxf6 Nxf6 28. Nd2 Kf8 29. f3 h5 30. Kc3 Ke7 31. Re1 g6 32. b4 Rc8 33. a4 a6 34. Ne4 Nxe4+ 35. Rxe4 Rd8 36. c5 bxc5 37. bxc5 a5 38. Rc4 Rd1 39. c6 Kd8 40. Rd4+ Rxd4 41. Kxd4 Kc7 42. Kc5 f6 43. Kb5 g5 44. hxg5 fxg5 45. Kxa5 Kxc6 46. Kb4 g4 47. fxg4 hxg4 48. Kc4 e5 49. Kd3 Kb6 50. Ke4 Ka5 51. Kxe5 Kxa4 52. Kf4 g3 53. Kxg3 Kb5 54. Kf4 Kc6 55. Kf5 Kd7 56. Kf6 Ke8 57. Kg7 Ke7 58. g4 1-0

[Event "LTU-ch sf (Women)"]
[Site "Vilnius"]
[Date "2009.02.15"]
[Round "4"]
[White "Petkeviciute, Justina"]
[Black "Balcaite, Agne"]
[Result "1/2-1/2"]
[WhiteElo "1812"]
[BlackElo "1878"]
[PlyCount "64"]
[EventDate "2009.02.13"]
[EventType "swiss"]
[EventRounds "7"]
[EventCountry "LTU"]
[SourceTitle "CBM 128 Extra"]
[Source "ChessBase"]
[SourceDate "2009.03.05"]
[SourceVersion "2"]
[SourceVersionDate "2009.03.25"]
[SourceQuality "1"]

1. e4 c6 2. d4 d5 3. exd5 cxd5 4. Bd3 Nc6 5. c3 Nf6 6. h3 e6 7. Nf3 Be7 8. Bg5 h6 9. Bf4 Bd6 10. Bxd6 Qxd6 11. 0-0 Bd7 12. Re1 0-0 13. Nbd2 a6 14. Ne5 b5 15. Nxc6 Bxc6 16. Qe2 Rfb8 17. b4 Nd7 18. Nb3 Nb6 19. Nc5 Nc4 20. a4 Qd8 21. Nxe6 Qe8 22. Nc5 Qxe2 23. Rxe2 bxa4 24. Bxc4 dxc4 25. Nxa4 a5 26. Nc5 axb4 27. Rxa8 Rxa8 28. cxb4 Ra1+ 29. Kh2 Rd1 30. Rc2 Rxd4 31. f3 Bb5 32. Ne4 Bc6 1/2-1/2

[Event "LTU-ch sf (Women)"]
[Site "Vilnius"]
[Date "2009.02.14"]
[Round "2"]
[White "Petkeviciute, Justina"]
[Black "Urbonaviciute, Zivile"]
[Result "1-0"]
[WhiteElo "1812"]
[BlackElo "1745"]
[PlyCount "83"]
[EventDate "2009.02.13"]
[EventType "swiss"]
[EventRounds "7"]
[EventCountry "LTU"]
[SourceTitle "CBM 128 Extra"]
[Source "ChessBase"]
[SourceDate "2009.03.05"]
[SourceVersion "2"]
[SourceVersionDate "2009.03.25"]
[SourceQuality "1"]

1. e4 c5 2. Nf3 d6 3. c3 Nf6 4. Bd3 g6 5. Bc2 Bg7 6. h3 Nc6 7. 0-0 0-0 8. a3 Qc7 9. Re1 Bd7 10. d3 Rac8 11. Nbd2 e6 12. Nf1 a6 13. Be3 b5 14. Qd2 Rb8 15. Bh6 Bc8 16. Bxg7 Kxg7 17. Ne3 Bb7 18. Nh2 Rh8 19. f4 Qd7 20. Nhg4 Nxg4 21. Nxg4 h5 22. Ne3 Rbe8 23. Rf1 Rhf8 24. f5 exf5 25. exf5 Ne5 26. d4 cxd4 27. cxd4 Nc6 28. f6+ Kg8 29. Nf5 Nd8 30. d5 Bxd5 31. Qxd5 Re5 32. Ne7+ Kh7 33. Qd3 Rg5 34. Rae1 Ne6 35. Qe3 Re5 36. Qd2 Rc5 37. Bb1 Qa7 38. Kh1 Qd7 39. Re2 Rc7 40. Rfe1 Nc5 41. Qg5 Nb7 42. Qxh5# 1-0

[Event "LTU-ch (Women)"]
[Site "Panevezys"]
[Date "2008.04.12"]
[Round "7"]
[White "Daulyte Cornette, Deimante"]
[Black "Petkeviciute, Justina"]
[Result "1-0"]
[WhiteElo "2249"]
[BlackElo "1822"]
[PlyCount "41"]
[EventDate "2008.04.08"]
[EventType "tourn"]
[EventRounds "9"]
[EventCountry "LTU"]
[SourceTitle "EXT 2022"]
[Source "ChessBase"]
[SourceDate "2021.10.06"]
[SourceVersion "1"]
[SourceVersionDate "2021.10.06"]
[SourceQuality "1"]

1. e4 g6 2. d4 Bg7 3. Nc3 c6 4. Bc4 d5 5. exd5 cxd5 6. Bxd5 e6 7. Bf3 Qxd4 8. Qe2 a6 9. Nd5 Kf8 10. c3 Qc5 11. Be3 Qa5 12. Bb6 Bxc3+ 13. bxc3 Qa3 14. Bd4 exd5 15. Bxh8 f6 16. Qd2 Be6 17. Ne2 Nd7 18. Bxd5 Bxd5 19. Qxd5 Qe7 20. 0-0 Rd8 21. Nd4 1-0

[Event "LTU-ch (Women)"]
[Site "Panevezys"]
[Date "2008.04.12"]
[Round "6"]
[White "Petkeviciute, Justina"]
[Black "Batyte, Daiva"]
[Result "0-1"]
[WhiteElo "1822"]
[BlackElo "2209"]
[PlyCount "50"]
[EventDate "2008.04.08"]
[EventType "tourn"]
[EventRounds "9"]
[EventCountry "LTU"]
[SourceTitle "EXT 2022"]
[Source "ChessBase"]
[SourceDate "2021.10.06"]
[SourceVersion "1"]
[SourceVersionDate "2021.10.06"]
[SourceQuality "1"]

1. e4 e5 2. Nf3 Nf6 3. Nxe5 d6 4. Nf3 Nxe4 5. Nc3 Nf6 6. d4 d5 7. Be2 Be7 8. 0-0 0-0 9. Ne5 Nc6 10. Nxc6 bxc6 11. Bf3 Rb8 12. b3 Bf5 13. Re1 Bd6 14. Ne2 Ne4 15. Bxe4 Bxe4 16. Ng3 Bg6 17. c3 Qf6 18. Qg4 h6 19. Be3 Rfe8 20. Qd7 h5 21. Kh1 h4 22. Ne2 Re6 23. h3 Be4 24. Rg1 Qf5 25. f3 Bxf3 0-1

[Event "LTU-ch (Women)"]
[Site "Panevezys"]
[Date "2008.04.10"]
[Round "3"]
[White "Sulikiene, Kristina"]
[Black "Petkeviciute, Justina"]
[Result "0-1"]
[WhiteElo "1985"]
[BlackElo "1822"]
[PlyCount "160"]
[EventDate "2008.04.08"]
[EventType "tourn"]
[EventRounds "9"]
[EventCountry "LTU"]
[SourceTitle "EXT 2022"]
[Source "ChessBase"]
[SourceDate "2021.10.06"]
[SourceVersion "1"]
[SourceVersionDate "2021.10.06"]
[SourceQuality "1"]

1. e4 e6 2. d4 d5 3. Nd2 Nc6 4. c3 dxe4 5. Nxe4 Qd5 6. Ng3 e5 7. Qe2 Be6 8. dxe5 Qxe5 9. Qxe5 Nxe5 10. f4 Nd7 11. Be3 Ne7 12. Nf3 Nf5 13. Nxf5 Bxf5 14. 0-0-0 0-0-0 15. Bc4 Bg6 16. Ng5 f6 17. Nf7 Bxf7 18. Bxf7 Bc5 19. Bxc5 Nxc5 20. Kc2 Rhf8 21. Bc4 Rde8 22. b4 Ne4 23. Rhf1 Nd6 24. Bd3 f5 25. Rf3 g6 26. c4 Ne4 27. c5 a5 28. a3 axb4 29. axb4 c6 30. Bc4 Kc7 31. Rfd3 Re7 32. Rf3 Ra8 33. Kb3 b6 34. cxb6+ Kxb6 35. Kb2 Rea7 36. Kc2 c5 37. Bd5 Re8 38. b5 Ree7 39. Kb2 Red7 40. Rdd3 Ra4 41. Bc6 Rda7 42. Ra3 Nd6 43. Rxa4 Rxa4 44. Rd3 Nxb5 45. Bxb5 Kxb5 46. g3 Re4 47. Kc3 Rc4+ 48. Kb2 Rd4 49. Re3 Rd2+ 50. Kc3 Rxh2 51. Re8 Rg2 52. Re3 Ra2 53. Kb3 Ra7 54. Re5 Rc7 55. Kc3 Kc6 56. Kc4 Kd6 57. Rd5+ Ke6 58. Re5+ Kf6 59. Rd5 Kg7 60. Rd1 g5 61. fxg5 Kg6 62. Rd8 Kxg5 63. Rg8+ Kh5 64. Rf8 Kg4 65. Rg8+ Kf3 66. Rg5 Ke4 67. Rg8 Rc6 68. Rg7 Rg6 69. Rxh7 Rxg3 70. Kxc5 Rd3 71. Rh4+ f4 72. Kc4 Rd8 73. Kc3 Ke3 74. Kc2 f3 75. Rh7 Ke2 76. Re7+ Kf1 77. Rf7 f2 78. Rf6 Rg8 79. Kd2 Kg1 80. Ke2 Rg2 0-1

[Event "LTU-ch (Women)"]
[Site "Panevezys"]
[Date "2008.04.09"]
[Round "2"]
[White "Petkeviciute, Justina"]
[Black "Sarakauskiene, Zivile"]
[Result "0-1"]
[WhiteElo "1822"]
[BlackElo "2198"]
[PlyCount "112"]
[EventDate "2008.04.08"]
[EventType "tourn"]
[EventRounds "9"]
[EventCountry "LTU"]
[SourceTitle "EXT 2022"]
[Source "ChessBase"]
[SourceDate "2021.10.06"]
[SourceVersion "1"]
[SourceVersionDate "2021.10.06"]
[SourceQuality "1"]

1. e4 c5 2. Nf3 e6 3. c3 Nf6 4. e5 Nd5 5. d4 cxd4 6. cxd4 d6 7. a3 Bd7 8. Be2 Bc6 9. Bd2 Nd7 10. Nc3 dxe5 11. dxe5 Be7 12. 0-0 0-0 13. Nxd5 Bxd5 14. Re1 Rc8 15. Rc1 Nc5 16. Bb4 a5 17. Bxc5 Bxc5 18. Bd3 h6 19. Qe2 Qb6 20. Rc2 Rc6 21. Be4 Bxe4 22. Qxe4 Rd8 23. h3 Rd5 24. Qe2 Rc7 25. Rd2 Rcd7 26. Red1 Qb3 27. Rxd5 Rxd5 28. Rxd5 Qxd5 29. Qc2 b5 30. a4 bxa4 31. Qxa4 Kf8 32. Qc2 g6 33. Qe2 Kg7 34. Qc2 Bb4 35. Qe2 Qc5 36. Qd1 Qd5 37. Qe2 f6 38. exf6+ Kxf6 39. Qc2 e5 40. Qc8 e4 41. Qh8+ Ke7 42. Nd4 Kd7 43. Qg7+ Be7 44. Kh2 Qd6+ 45. g3 a4 46. Nb5 Qf6 47. Qxh6 Qxf2+ 48. Kh1 Qf1+ 49. Kh2 Qxb5 50. Qxg6 Qxb2+ 51. Kh1 Qc1+ 52. Kh2 Qd2+ 53. Kh1 Qe1+ 54. Kh2 Qf2+ 55. Kh1 Bc5 56. Qg4+ Kc7 0-1

[Event "LTU-ch (Women)"]
[Site "Panevezys"]
[Date "2008.04.08"]
[Round "1"]
[White "Stoniene, Brigita"]
[Black "Petkeviciute, Justina"]
[Result "1-0"]
[WhiteElo "2012"]
[BlackElo "1822"]
[PlyCount "105"]
[EventDate "2008.04.08"]
[EventType "tourn"]
[EventRounds "9"]
[EventCountry "LTU"]
[SourceTitle "EXT 2022"]
[Source "ChessBase"]
[SourceDate "2021.10.06"]
[SourceVersion "1"]
[SourceVersionDate "2021.10.06"]
[SourceQuality "1"]

1. e4 c6 2. d4 d5 3. Nc3 dxe4 4. Nxe4 Nf6 5. Nxf6+ gxf6 6. Bf4 Bf5 7. Qd2 e6 8. Nf3 Nd7 9. Nh4 Bg6 10. Nxg6 hxg6 11. 0-0-0 Nb6 12. Kb1 Bd6 13. Bxd6 Qxd6 14. c4 Qc7 15. g3 0-0-0 16. Qc3 Kb8 17. Be2 e5 18. h4 exd4 19. Rxd4 Qe5 20. Rxd8+ Rxd8 21. Qxe5+ fxe5 22. Kc2 Kc7 23. g4 f5 24. gxf5 gxf5 25. h5 Nd7 26. Rg1 Kd6 27. b4 c5 28. a3 Ke6 29. h6 cxb4 30. axb4 Rh8 31. Rg6+ Nf6 32. c5 e4 33. Kc3 Ke5 34. f4+ exf3 35. Bxf3 b5 36. Bc6 Nd5+ 37. Bxd5 Kxd5 38. Kd3 Rh7 39. Rd6+ Ke5 40. Ke3 Rf7 41. Rg6 Rh7 42. Rd6 Rf7 43. Kf3 Rh7 44. Kg3 f4+ 45. Kg4 Ke4 46. Kg5 f3 47. Rf6 Ke3 48. Kg6 Re7 49. h7 Re8 50. Kf7 Rc8 51. Kg7 Rc7+ 52. Kg6 Rc8 53. Rf7 1-0

[Event "LTU-ch sf (Women)"]
[Site "Vilnius"]
[Date "2008.01.30"]
[Round "4"]
[White "Petkeviciute, Justina"]
[Black "Ziogaite, Jovita"]
[Result "1-0"]
[WhiteElo "1822"]
[BlackElo "2060"]
[PlyCount "77"]
[EventDate "2008.01.28"]
[EventType "swiss"]
[EventRounds "7"]
[EventCountry "LTU"]
[SourceTitle "EXT 2010"]
[Source "ChessBase"]
[SourceDate "2010.11.25"]
[SourceVersion "1"]
[SourceVersionDate "2010.11.25"]
[SourceQuality "1"]

1. e4 c5 2. Nf3 Nc6 3. Bb5 Na5 4. c3 a6 5. Bd3 b5 6. Bc2 Bb7 7. 0-0 Nf6 8. Re1 e6 9. b3 Be7 10. d4 cxd4 11. cxd4 Rc8 12. Bf4 d5 13. e5 Ne4 14. Nfd2 f5 15. exf6 Bxf6 16. Nxe4 dxe4 17. Bxe4 Qxd4 18. Nd2 0-0 19. Qg4 Bd5 20. Rad1 Qa7 21. Bxd5 exd5 22. Qe6+ Qf7 23. Qxa6 Bd4 24. Nf3 Bc3 25. Bd2 Ra8 26. Qxb5 d4 27. Qd3 Rac8 28. Rc1 Bxd2 29. Qxd2 Nc6 30. Rc4 Rfd8 31. Rec1 Qd7 32. Qd3 g6 33. Rd1 Ra8 34. a4 Rab8 35. Qe4 Rb6 36. Rdc1 d3 37. Rxc6 d2 38. Nxd2 Qxd2 39. Qc4+ 1-0

[Event "LTU-chT 0708"]
[Site "Lithuania"]
[Date "2008.01.20"]
[Round "6"]
[White "Petkeviciute, Justina"]
[Black "Savickiene, Viktorija"]
[Result "0-1"]
[WhiteElo "1808"]
[BlackElo "2011"]
[PlyCount "64"]
[EventDate "2007.09.30"]
[EventType "team"]
[EventRounds "9"]
[EventCountry "LTU"]
[SourceTitle "EXT 2009"]
[Source "ChessBase"]
[SourceDate "2008.11.26"]
[SourceVersion "1"]
[SourceVersionDate "2008.11.26"]
[SourceQuality "1"]

1. e4 e6 2. d4 d5 3. exd5 exd5 4. Bd3 Bd6 5. c3 h6 6. h3 Nf6 7. Ne2 0-0 8. 0-0 Re8 9. Bf4 Ne4 10. Nd2 Bxf4 11. Nxf4 Qd6 12. Ne2 Qf6 13. Ng3 Qf4 14. Ngxe4 dxe4 15. Bc4 Nd7 16. Bb3 Nf6 17. Nc4 Qg5 18. Kh1 Nh5 19. Ne3 Nf4 20. Kh2 Qh4 21. Ng4 h5 22. Ne5 Rxe5 23. dxe5 Nxg2 24. Bxf7+ Kxf7 25. Qb3+ Be6 26. c4 Nf4 27. Qg3 Qxh3+ 28. Qxh3 Bxh3 29. Rfe1 Bf5 30. Re3 Rd8 31. Kg3 g5 32. b3 Rd2 0-1

[Event "LTU-chT 0708"]
[Site "Lithuania"]
[Date "2007.12.08"]
[Round "4"]
[White "Petkeviciute, Justina"]
[Black "Domarkaite, Laima"]
[Result "1/2-1/2"]
[WhiteElo "1808"]
[BlackElo "2155"]
[PlyCount "162"]
[EventDate "2007.09.30"]
[EventType "team"]
[EventRounds "9"]
[EventCountry "LTU"]
[SourceTitle "EXT 2009"]
[Source "ChessBase"]
[SourceDate "2008.11.26"]
[SourceVersion "1"]
[SourceVersionDate "2008.11.26"]
[SourceQuality "1"]

1. e4 c5 2. Nf3 d6 3. c3 Nf6 4. Bd3 Nc6 5. h3 e5 6. Bc2 Qc7 7. a3 Be7 8. 0-0 0-0 9. d3 d5 10. exd5 Nxd5 11. Nbd2 Be6 12. Ne4 h6 13. Bb3 Rad8 14. Qc2 a6 15. d4 cxd4 16. Bxd5 Bxd5 17. cxd4 exd4 18. Rd1 Rfe8 19. Rxd4 Qb6 20. Rd2 Bxe4 21. Qxe4 Bxa3 22. Rxd8 Qxd8 23. Qc2 Be7 24. Be3 Bf6 25. Rd1 Qa5 26. Qb3 Qb4 27. Qxb4 Nxb4 28. Bc5 Nc6 29. Rd7 b5 30. b3 Ne5 31. Nxe5 Rxe5 32. Be3 Re6 33. Rb7 h5 34. g3 g6 35. h4 Kg7 36. Kg2 Rc6 37. Ra7 Rc3 38. Rxa6 Rxb3 39. Rb6 b4 40. Bd2 Rb2 41. Bxb4 Bd4 42. Rb8 Rxf2+ 43. Kh3 Be5 44. Bf8+ Kf6 45. Rb3 Kf5 46. Bc5 Rc2 47. Bb6 f6 48. Rf3+ Ke4 49. Rf1 Re2 50. Bd8 Re3 51. Rg1 Rf3 52. Rg2 Kf5 53. Bb6 g5 54. Rf2 Rxf2 55. Bxf2 g4+ 56. Kg2 Ke4 57. Bb6 Kd3 58. Bd8 Bd4 59. Be7 Ke2 60. Bd8 Be5 61. Be7 f5 62. Bg5 Bd4 63. Bf4 Kd3 64. Bg5 Ke4 65. Bd2 Be3 66. Ba5 f4 67. gxf4 Bxf4 68. Be1 Bd6 69. Bf2 Be7 70. Be1 Ke3 71. Bg3 Ke4 72. Be1 Bd8 73. Bg3 Ba5 74. Bf2 Bc7 75. Bc5 g3 76. Bf2 gxf2 77. Kxf2 Kf4 78. Kg2 Kg4 79. Kh1 Kxh4 80. Kg2 Kg4 81. Kh1 h4 1/2-1/2

[Event "LTU-chT 0708"]
[Site "Lithuania"]
[Date "2007.10.07"]
[Round "2"]
[White "Petkeviciute, Justina"]
[Black "Laurusaite, Brigita"]
[Result "0-1"]
[WhiteElo "1808"]
[BlackElo "1973"]
[PlyCount "108"]
[EventDate "2007.09.30"]
[EventType "team"]
[EventRounds "9"]
[EventCountry "LTU"]
[SourceTitle "EXT 2009"]
[Source "ChessBase"]
[SourceDate "2008.11.26"]
[SourceVersion "1"]
[SourceVersionDate "2008.11.26"]
[SourceQuality "1"]

1. e4 c5 2. Nf3 d6 3. c3 Nf6 4. Bd3 g6 5. Bc2 Bg7 6. 0-0 0-0 7. h3 Nc6 8. d4 cxd4 9. cxd4 Nb4 10. Bb3 b6 11. Nc3 Ba6 12. Ne2 Rc8 13. a3 Nd3 14. Bc2 Nxc1 15. Rxc1 Bh6 16. Rb1 Qd7 17. Bd3 Qb7 18. Nc3 Nh5 19. g3 Nf6 20. Re1 Rfd8 21. Qe2 Bxd3 22. Qxd3 a6 23. Nd2 e5 24. d5 Nd7 25. Nf1 Nc5 26. Qe2 Nb3 27. Ne3 Nd4 28. Qd1 Bg7 29. Kg2 b5 30. Ne2 Nxe2 31. Rxe2 Rc5 32. Rc1 Rdc8 33. Rec2 Bh6 34. b4 Rxc2 35. Rxc2 Bxe3 36. fxe3 Rc4 37. Rxc4 bxc4 38. Qc2 Qb5 39. Kf3 c3 40. Kf2 Qc4 41. g4 h6 42. Ke1 Kg7 43. h4 Qc8 44. g5 Qc4 45. Kf2 h5 46. Ke1 Qc8 47. Ke2 Qc4+ 48. Kf2 Qc8 49. Ke1 Qg4 50. Qf2 c2 51. Qxc2 Qxh4+ 52. Ke2 Qh2+ 53. Kd3 Qxc2+ 54. Kxc2 h4 0-1

[Event "Baltija Cup op 4th"]
[Site "Palanga"]
[Date "2007.06.19"]
[Round "7"]
[White "Stanzys, Almantas"]
[Black "Petkeviciute, Justina"]
[Result "1-0"]
[WhiteElo "1688"]
[BlackElo "1854"]
[PlyCount "49"]
[EventDate "2007.06.16"]
[EventType "swiss"]
[EventRounds "8"]
[EventCountry "LTU"]
[SourceTitle "EXT 2022"]
[Source "ChessBase"]
[SourceDate "2021.10.06"]
[SourceVersion "1"]
[SourceVersionDate "2021.10.06"]
[SourceQuality "1"]

1. d4 g6 2. c4 Bg7 3. Nf3 d6 4. g3 Nf6 5. Nc3 Nbd7 6. Bg2 0-0 7. 0-0 a6 8. e4 e5 9. h3 h6 10. Be3 Re8 11. Qc2 Qe7 12. Rfe1 exd4 13. Nxd4 Ne5 14. b3 g5 15. Rad1 Bd7 16. Nd5 Qd8 17. Nf5 Bxf5 18. exf5 c6 19. Bb6 Qc8 20. Nc7 g4 21. Nxe8 Nxe8 22. hxg4 Nxg4 23. Bd4 Bxd4 24. Rxd4 Qd8 25. Rxg4+ 1-0

[Event "Baltija Cup op 4th"]
[Site "Palanga"]
[Date "2007.06.17"]
[Round "2"]
[White "Petkeviciute, Justina"]
[Black "Matcins, Aleksejs"]
[Result "0-1"]
[WhiteElo "1854"]
[BlackElo "2092"]
[PlyCount "80"]
[EventDate "2007.06.16"]
[EventType "swiss"]
[EventRounds "8"]
[EventCountry "LTU"]
[SourceTitle "EXT 2022"]
[Source "ChessBase"]
[SourceDate "2021.10.06"]
[SourceVersion "1"]
[SourceVersionDate "2021.10.06"]
[SourceQuality "1"]

1. e4 c5 2. Nf3 e6 3. c3 Nf6 4. e5 Nd5 5. d4 cxd4 6. cxd4 d6 7. Bd3 Nc6 8. 0-0 Be7 9. a3 0-0 10. Qc2 g6 11. Nc3 dxe5 12. dxe5 Nxc3 13. Qxc3 Bd7 14. Qd2 Qc7 15. Re1 Rfd8 16. Qf4 Be8 17. Be4 Bf8 18. b4 a5 19. b5 Ne7 20. a4 Nd5 21. Bxd5 Rxd5 22. Ba3 Bg7 23. Rac1 Qd8 24. Bd6 Rc8 25. Rxc8 Qxc8 26. Rc1 Qd8 27. h3 f6 28. Bc7 fxe5 29. Nxe5 Qe7 30. Ng4 e5 31. Qe4 Bf7 32. Bxa5 h5 33. Ne3 Rd4 34. Qc2 Bh6 35. Re1 e4 36. Qc8+ Kh7 37. Bc3 Rd8 38. Bf6 Qxf6 39. Qxb7 Rd2 40. Rf1 Rxf2 0-1

[Event "LTU-chT Final-B 0607"]
[Site "Vilnius"]
[Date "2007.05.20"]
[Round "3.5"]
[White "Savickiene, Viktorija"]
[Black "Petkeviciute, Justina"]
[Result "1-0"]
[WhiteElo "1994"]
[BlackElo "1854"]
[PlyCount "75"]
[EventDate "2007.05.19"]
[EventType "team-k.o."]
[EventRounds "3"]
[EventCountry "LTU"]
[SourceTitle "EXT 2022"]
[Source "ChessBase"]
[SourceDate "2021.10.06"]
[SourceVersion "1"]
[SourceVersionDate "2021.10.06"]
[SourceQuality "1"]
[WhiteTeam "Klaipeda Bokstas"]
[BlackTeam "Vilnius SSSM"]
[WhiteTeamCountry "LTU"]
[BlackTeamCountry "LTU"]

1. d4 d5 2. c4 e6 3. Nf3 Nf6 4. a3 dxc4 5. Bg5 Be7 6. e3 Nbd7 7. Bxc4 0-0 8. 0-0 c5 9. Nc3 a6 10. a4 cxd4 11. exd4 Nb6 12. Ba2 h6 13. Bh4 Nfd5 14. Bg3 Nb4 15. Bb1 Bd7 16. Ne5 Bc6 17. Nxc6 Nxc6 18. Qd3 g6 19. Rd1 Bf6 20. Qe3 Nc4 21. Qe2 Nb6 22. Qg4 h5 23. Qe4 Qe7 24. Ba2 Rfd8 25. d5 Nxd5 26. Nxd5 exd5 27. Qf3 Bxb2 28. Rab1 Bg7 29. Bxd5 Rac8 30. Re1 Qd7 31. Ba2 Re8 32. Red1 Qe7 33. Bd6 Qd7 34. Qg3 Rcd8 35. Qxg6 Ne5 36. Qxh5 Qxa4 37. Bb3 Qg4 38. Bxf7+ 1-0

[Event "LTU-ch U18 Girls"]
[Site "Panevezys"]
[Date "2007.03.28"]
[Round "9"]
[White "Petkeviciute, Justina"]
[Black "Saulyte, Evelina"]
[Result "0-1"]
[WhiteElo "1912"]
[BlackElo "1973"]
[PlyCount "102"]
[EventDate "2007.03.23"]
[EventType "swiss"]
[EventRounds "9"]
[EventCountry "LTU"]
[SourceTitle "EXT 2022"]
[Source "ChessBase"]
[SourceDate "2021.10.06"]
[SourceVersion "1"]
[SourceVersionDate "2021.10.06"]
[SourceQuality "1"]

1. e4 c5 2. Nf3 d6 3. c3 Nf6 4. Bd3 g6 5. Bc2 Bg7 6. 0-0 0-0 7. d3 Nc6 8. Nbd2 Qc7 9. a4 e6 10. Nc4 d5 11. exd5 exd5 12. Ne3 Be6 13. Ng5 a6 14. Nxe6 fxe6 15. Ng4 Nxg4 16. Qxg4 Qf7 17. Be3 b6 18. Rae1 Rae8 19. b4 Bxc3 20. Re2 Nxb4 21. d4 Nxc2 22. Rxc2 Bxd4 23. Bxd4 cxd4 24. Qxd4 b5 25. axb5 axb5 26. Rfc1 Re7 27. Qb4 Rb7 28. f3 Qf4 29. Qb3 Qd4+ 30. Kh1 b4 31. Re2 Kf7 32. h3 Re8 33. Rd1 Qc4 34. Qb2 Qc3 35. Qa2 b3 36. Qa6 Rbe7 37. Rdd2 Rc8 38. Qd6 Qc7 39. Qb4 Qb8 40. Qh4 Rc1+ 41. Re1 Rxe1+ 42. Qxe1 b2 43. Qb1 Rb7 44. Rd1 Qf4 45. Qc2 Qf5 46. Qxf5+ gxf5 47. Rb1 Kf6 48. Kg1 Ke5 49. Kf2 Kd4 50. Ke2 Kc3 51. Kd1 Ra7 0-1

[Event "LTU-ch U18 Girls"]
[Site "Panevezys"]
[Date "2007.03.24"]
[Round "2"]
[White "Puidokaite, Kristina"]
[Black "Petkeviciute, Justina"]
[Result "0-1"]
[WhiteElo "1747"]
[BlackElo "1912"]
[PlyCount "106"]
[EventDate "2007.03.23"]
[EventType "swiss"]
[EventRounds "9"]
[EventCountry "LTU"]
[SourceTitle "EXT 2022"]
[Source "ChessBase"]
[SourceDate "2021.10.06"]
[SourceVersion "1"]
[SourceVersionDate "2021.10.06"]
[SourceQuality "1"]

1. c4 e5 2. Nc3 Nf6 3. g3 Nc6 4. Bg2 Bb4 5. e3 Bxc3 6. bxc3 0-0 7. d4 d6 8. Ba3 Re8 9. c5 d5 10. Ne2 Na5 11. Qc2 Nc4 12. Bc1 Bg4 13. 0-0 Qd7 14. Re1 Bh3 15. a3 Bxg2 16. Kxg2 e4 17. Nf4 g5 18. Ne2 Qf5 19. Ng1 Re6 20. Qd1 Ng4 21. Ra2 Rae8 22. Qe2 h5 23. h3 Nf6 24. Rf1 h4 25. Kh2 g4 26. hxg4 Nxg4+ 27. Kg2 Qh5 28. Nh3 hxg3 29. fxg3 Rh6 30. Rh1 Qf5 31. Nf4 Rxh1 32. Kxh1 c6 33. Kg2 Kg7 34. Kg1 Rh8 35. Ng2 Rh3 36. Qe1 Qf3 37. a4 Rxg3 38. Qf1 Qxf1+ 39. Kxf1 Rh3 40. Kg1 Rf3 41. Nh4 Rg3+ 42. Ng2 Ngxe3 43. Kh2 Rxg2+ 44. Rxg2+ Nxg2 45. Kxg2 Kg6 46. Kg3 f5 47. Kf4 b6 48. cxb6 axb6 49. Kg3 Kf6 50. Kf4 Ke6 51. Kg3 Kd6 52. Kf4 Kc7 53. Kg3 Kb7 0-1

[Event "LTU-ch (Women)"]
[Site "Vilnius"]
[Date "2007.02.16"]
[Round "1"]
[White "Petkeviciute, Justina"]
[Black "Batyte, Daiva"]
[Result "0-1"]
[WhiteElo "1912"]
[BlackElo "2192"]
[PlyCount "94"]
[EventDate "2007.02.16"]
[EventType "swiss"]
[EventRounds "9"]
[EventCountry "LTU"]
[SourceTitle "EXT 2010"]
[Source "ChessBase"]
[SourceDate "2010.11.25"]
[SourceVersion "1"]
[SourceVersionDate "2010.11.25"]
[SourceQuality "1"]

1. e4 b6 2. Nc3 Bb7 3. d4 e6 4. a3 Nf6 5. e5 Ne4 6. Nxe4 Bxe4 7. Nf3 Be7 8. Bd3 Bxd3 9. Qxd3 d5 10. exd6 cxd6 11. 0-0 Nd7 12. Be3 0-0 13. c3 h6 14. Nd2 Qc7 15. Bf4 Nf6 16. Ne4 Nd5 17. Qg3 Nxf4 18. Qxf4 f5 19. Ng3 e5 20. dxe5 dxe5 21. Qf3 e4 22. Qh5 Qe5 23. Rad1 Qe6 24. Rfe1 Bd6 25. Ne2 Rad8 26. Nd4 Qf6 27. f3 Be5 28. fxe4 fxe4 29. Rf1 Qd6 30. g3 Rxf1+ 31. Kxf1 Rf8+ 32. Kg2 e3 33. Rf1 Qd5+ 34. Kg1 Rxf1+ 35. Kxf1 Qd6 36. Qg4 Qf6+ 37. Nf3 Bd6 38. Qe4 Qf7 39. Ke2 Qb3 40. Qb1 Bxa3 41. Kxe3 Bxb2 42. Qe4 Qxc3+ 43. Kf2 Qc8 44. Qd5+ Kf8 45. Nh4 Qc5+ 46. Qxc5+ bxc5 47. Ke2 a5 0-1

[Event "LTU-ch U20 Girls"]
[Site "Vilnius"]
[Date "2007.02.02"]
[Round "6"]
[White "Potapova, Jelizaveta"]
[Black "Petkeviciute, Justina"]
[Result "1-0"]
[WhiteElo "1943"]
[BlackElo "1912"]
[PlyCount "91"]
[EventDate "2007.01.29"]
[EventType "swiss"]
[EventRounds "7"]
[EventCountry "LTU"]
[SourceTitle "EXT 2010"]
[Source "ChessBase"]
[SourceDate "2010.11.25"]
[SourceVersion "1"]
[SourceVersionDate "2010.11.25"]
[SourceQuality "1"]

1. d4 d5 2. Nc3 e6 3. e4 dxe4 4. Nxe4 Nf6 5. Bd3 Nbd7 6. Qe2 Nxe4 7. Bxe4 Nf6 8. Bxb7 Bxb7 9. Qb5+ Nd7 10. Qxb7 Bd6 11. Nf3 0-0 12. 0-0 h6 13. c4 c5 14. Qc6 Qe7 15. dxc5 Bxc5 16. Rd1 Nf6 17. Bf4 Rac8 18. Qa4 Rfd8 19. Rxd8+ Rxd8 20. Rd1 Ne4 21. Bg3 Rxd1+ 22. Qxd1 Qb7 23. Qd8+ Kh7 24. Qd3 f5 25. b3 Qb6 26. Qc2 g5 27. Ne5 Qb7 28. Nd3 Bd4 29. Be5 Bxe5 30. Nxe5 Qb6 31. Kf1 Qd4 32. Nf3 Qa1+ 33. Ne1 Qe5 34. Qd3 g4 35. Nc2 Kg6 36. Nd4 Qf4 37. Qe3 Qxh2 38. Nxe6 Qh1+ 39. Ke2 Qb1 40. Nf4+ Kg5 41. Nd5+ Kh5 42. g3 Qxa2+ 43. Kf1 Nd2+ 44. Kg2 Nf3 45. Nf4+ Kg5 46. Qe7# 1-0